Normal view
MARC view
- Shaikh, Sartaj A R
Entry Personal Name
001 - CONTROL NUMBER
- control field: 4100
003 - CONTROL NUMBER IDENTIFIER
- control field: OSt
005 - DATE AND TIME OF LATEST TRANSACTION
- control field: 20190520125548.0
008 - FIXED-LENGTH DATA ELEMENTS
- fixed length control field: 190520|| aca||aabn | a|a d
040 ## - CATALOGING SOURCE
- Original cataloging agency: OSt
- Transcribing agency: OSt
100 ## - HEADING--PERSONAL NAME
- Personal name: Shaikh, Sartaj A R
670 ## - SOURCE DATA FOUND
- Source citation: Work cat.: (OSt): Shaikh, Sartaj A R , Microbiology : Text and Competitive Guide, 2014
